[Event "Regionalliga SO 1415"]
[White "Westenthanner, Paul"]
[Black "Guttenthaler, Franz"]
[Site "Bayern"]
[Round "4.2"]
[Result "1/2-1/2"]
[Date "2014.12.07"]
[WhiteElo "1931"]
[BlackElo "2228"]
[PlyCount "25"]
[EventDate "2014.10.19"]
[EventType "team-tourn"]
[EventRounds "9"]
[EventCountry "GER"]
[SourceTitle "EXT 2018"]
[Source "ChessBase"]
[SourceDate "2017.10.13"]
[SourceVersion "1"]
[SourceVersionDate "2017.10.13"]
[SourceQuality "1"]
[WhiteTeam "Landshut"]
[BlackTeam "Germering"]
[WhiteTeamCountry "GER"]
[BlackTeamCountry "GER"]

1. Nf3 Nf6 2. c4 e6 3. Nc3 Bb4 4. a3 Bxc3 5. bxc3 b6 6. g3 Bb7 7. Bg2 0-0 8. 0-0 c5 9. d3 Nc6 10. e4 d6 11. Nh4 d5 12. cxd5 exd5 13. Bg5 1/2-1/2

[Event "Regionalliga SO 1415"]
[White "Hofmann, Juergen2"]
[Black "Westenthanner, Paul"]
[Site "Bayern"]
[Round "2.3"]
[Result "1-0"]
[Date "2014.11.09"]
[WhiteElo "2159"]
[BlackElo "1931"]
[PlyCount "91"]
[EventDate "2014.10.19"]
[EventType "team-tourn"]
[EventRounds "9"]
[EventCountry "GER"]
[SourceTitle "EXT 2018"]
[Source "ChessBase"]
[SourceDate "2017.10.13"]
[SourceVersion "1"]
[SourceVersionDate "2017.10.13"]
[SourceQuality "1"]
[WhiteTeam "Graefelfing"]
[BlackTeam "Landshut"]
[WhiteTeamCountry "GER"]
[BlackTeamCountry "GER"]

1. e4 c6 2. d4 d5 3. exd5 cxd5 4. Bd3 Nf6 5. c3 Nc6 6. Bf4 Bg4 7. Qb3 Qb6 8. Qxb6 axb6 9. Nd2 e6 10. h3 Bh5 11. Ngf3 Be7 12. Ne5 Nxe5 13. dxe5 Nd7 14. Bb5 Kd8 15. c4 g5 16. Bh2 Bb4 17. g4 Bg6 18. Ke2 Ke7 19. Nf3 Be4 20. a3 Bc5 21. Rhd1 Bc2 22. b4 Bxd1+ 23. Rxd1 Rxa3 24. bxc5 Nxc5 25. cxd5 Ne4 26. d6+ Kd8 27. Rd3 Nc3+ 28. Rxc3 Rxc3 29. Nxg5 Rf8 30. Nxh7 Rg8 31. Bg3 Rc5 32. Bd3 b5 33. f4 b4 34. Bf2 Rc6 35. Kd2 Rh8 36. Ng5 Kd7 37. Bb5 Rf8 38. Ne4 Rb8 39. Bb6 Kc8 40. Bxc6 bxc6 41. Bc7 Rb5 42. h4 b3 43. Kc1 Rb4 44. Nf6 Rxf4 45. Bb6 b2+ 46. Kb1 1-0

[Event "Eschborn op 11th"]
[White "Westenthanner, Paul"]
[Black "Schupp, Tobias"]
[Site "Eschborn"]
[Round "3"]
[Result "0-1"]
[Date "2014.09.06"]
[WhiteElo "1951"]
[BlackElo "2148"]
[PlyCount "46"]
[EventDate "2014.09.05"]
[EventType "swiss"]
[EventRounds "5"]
[EventCountry "GER"]
[SourceTitle "EXT 2015"]
[Source "ChessBase"]
[SourceDate "2014.11.20"]
[SourceVersion "1"]
[SourceVersionDate "2014.11.20"]
[SourceQuality "1"]

1. Nf3 Nf6 2. c4 e6 3. g3 d5 4. Bg2 Be7 5. 0-0 d4 6. d3 c5 7. Na3 0-0 8. Bd2 Nc6 9. Rb1 e5 10. Ne1 Bf5 11. Bxc6 bxc6 12. e4 dxe3 13. Bxe3 Qd7 14. f4 Ng4 15. Qe2 Rfd8 16. fxe5 Nxe5 17. Qf2 Bh3 18. Ng2 Bf6 19. Rfd1 Bg4 20. Nf4 Bxd1 21. Rxd1 Ng4 22. Qf3 Nxe3 23. Qxe3 Bd4 0-1

[Event "Niederbayern-ch"]
[White "Woestmann, Oliver"]
[Black "Westenthanner, Paul"]
[Site "Mamming"]
[Round "6"]
[Result "1-0"]
[Date "2010.06.05"]
[WhiteElo "1386"]
[BlackElo "1549"]
[PlyCount "33"]
[EventDate "2010.06.03"]
[EventType "swiss"]
[EventRounds "7"]
[EventCountry "GER"]
[SourceTitle "EXT 2023"]
[Source "ChessBase"]
[SourceDate "2022.10.05"]
[SourceVersion "1"]
[SourceVersionDate "2022.10.05"]
[SourceQuality "1"]

1. c4 e6 2. Nc3 Nf6 3. g3 d5 4. cxd5 Nxd5 5. Bg2 c6 6. Nf3 Nd7 7. 0-0 N7f6 8. Re1 Bd6 9. e4 Nxc3 10. bxc3 Bc7 11. Ba3 b6 12. d4 Bb7 13. c4 Ng8 14. d5 Bd6 15. dxc6 Bxa3 16. cxb7 Rb8 17. Qa4+ 1-0

[Event "Niederbayern-ch MK 49th"]
[White "Stadler, Alexander"]
[Black "Westenthanner, Paul"]
[Site "Vilshofen"]
[Round "1"]
[Result "1-0"]
[Date "2008.??.??"]
[WhiteElo "1788"]
[BlackElo "1381"]
[PlyCount "113"]
[EventDate "2008.??.??"]
[EventType "swiss"]
[EventRounds "7"]
[EventCountry "GER"]
[SourceTitle "EXT 2010"]
[Source "ChessBase"]
[SourceDate "2010.11.25"]
[SourceVersion "1"]
[SourceVersionDate "2010.11.25"]
[SourceQuality "1"]

1. e4 e6 2. d4 d5 3. Nd2 Bb4 4. c3 Be7 5. Bd3 Nf6 6. Ngf3 b6 7. 0-0 Ba6 8. Bxa6 Nxa6 9. Qa4+ Qd7 10. Qxa6 dxe4 11. Ne5 Qd6 12. Ndc4 Qd5 13. Bf4 0-0 14. Ne3 Qd8 15. Nc6 Qd7 16. Nxe7+ Qxe7 17. Rfe1 h6 18. Qc4 Rac8 19. d5 exd5 20. Nxd5 Nxd5 21. Qxd5 Rfe8 22. f3 Rcd8 23. Qxe4 Qc5+ 24. Be3 Rxe4 25. Bxc5 Rxe1+ 26. Rxe1 bxc5 27. Re5 Rd1+ 28. Kf2 Rd2+ 29. Re2 Rd7 30. Re8+ Kh7 31. Ke2 Kg6 32. Re5 c4 33. Re4 Kf6 34. Rxc4 Re7+ 35. Kd2 Rd7+ 36. Kc2 Re7 37. Rd4 Re2+ 38. Rd2 Rxd2+ 39. Kxd2 Ke5 40. Kd3 Kd5 41. b4 f6 42. c4+ Ke5 43. a4 f5 44. b5 g5 45. a5 h5 46. Ke3 Kd6 47. Kd4 c5+ 48. bxc6 Kxc6 49. Ke5 Kc5 50. Kxf5 Kb4 51. Kxg5 Kxa5 52. f4 Kb4 53. f5 a5 54. f6 a4 55. f7 a3 56. Kxh5 a2 57. f8Q+ 1-0

[Event "Niederbayern-ch MK 49th"]
[White "Westenthanner, Paul"]
[Black "Kleibel, Uwe"]
[Site "Vilshofen"]
[Round "6"]
[Result "0-1"]
[Date "2008.??.??"]
[WhiteElo "1381"]
[BlackElo "1641"]
[PlyCount "66"]
[EventDate "2008.??.??"]
[EventType "swiss"]
[EventRounds "7"]
[EventCountry "GER"]
[SourceTitle "EXT 2010"]
[Source "ChessBase"]
[SourceDate "2010.11.25"]
[SourceVersion "1"]
[SourceVersionDate "2010.11.25"]
[SourceQuality "1"]

1. d4 Nf6 2. c4 g6 3. Nc3 Bg7 4. Nf3 d6 5. e3 0-0 6. Bd3 Nbd7 7. b3 Re8 8. Bb2 e5 9. dxe5 dxe5 10. e4 c6 11. 0-0 Qc7 12. Qc2 Nc5 13. Rad1 Nxd3 14. Rxd3 Nh5 15. Ne2 f5 16. Nd2 Nf6 17. Ng3 f4 18. Ne2 g5 19. h3 Be6 20. Qc3 Nd7 21. Nf3 Bf6 22. Ba3 g4 23. hxg4 Bxg4 24. Kh2 Be7 25. Bb2 Nc5 26. Rdd1 Bg5 27. Qc2 Bxf3 28. gxf3 Re6 29. Rg1 Rg6 30. Rg4 Qg7 31. Rdg1 Rd8 32. Nc1 Nd7 33. Kg2 h5 0-1